Resource availability, diet and reproduction in Glossophaga longirostris (<Mammalia: Chiroptera>) in an arid zone of the Venezuela Andes (Registro nro. 10302)

Detalles MARC
000 -CABECERA
Campo de control 007880000a22002170004500
090 ## - CLASIFICACIÓN LOCAL
Colección AR
Consecutivo 01216
041 0# - IDIOMA
Código de idioma para texto/pista de sonido o título separado
100 1# - ASIENTO PRINCIPAL--NOMBRE PERSONAL
Nombre personal Sosa, Maricela
245 10 - MENCION DE TITULO
Título Resource availability, diet and reproduction in Glossophaga longirostris (<Mammalia: Chiroptera>) in an arid zone of the Venezuela Andes
650 14 - ASIENTO SECUNDARIO DE MATERIA - TERMINO TEMATICO
Término temático o nombre geográfico como elemento de entrada Murciélagos
650 14 - ASIENTO SECUNDARIO DE MATERIA - TERMINO TEMATICO
Término temático o nombre geográfico como elemento de entrada Reproducción animal
650 14 - ASIENTO SECUNDARIO DE MATERIA - TERMINO TEMATICO
Término temático o nombre geográfico como elemento de entrada Hábitos alimentarios
650 14 - ASIENTO SECUNDARIO DE MATERIA - TERMINO TEMATICO
Término temático o nombre geográfico como elemento de entrada Relación planta-animal
650 14 - ASIENTO SECUNDARIO DE MATERIA - TERMINO TEMATICO
Término temático o nombre geográfico como elemento de entrada Polinización
650 14 - ASIENTO SECUNDARIO DE MATERIA - TERMINO TEMATICO
Término temático o nombre geográfico como elemento de entrada Zonas áridas
651 #4 - ASIENTO SECUNDARIO DE MATERIA - NOMBRE GEOGRAFICO
-- Lagunillas
-- Venezuela
653 ## - TERMINO DE INDIZACION - NO CONTROLADO
-- Chiroptera
-- Glossophaga
-- Glossophaga longirostris
700 1# - ASIENTO SECUNDARIO - NOMBRE PERSONAL
Nombre personal Soriano M., Pascual J.
773 1# - Item fuente:
Título Journal of Tropical Ecology
Especificación de materiales 12
Descripción física 12
Paginas del Articulo 805-818
Lugar, editorial y fecha de publicación 1996
942 ## - ELEMENTOS ADICIONALES (KOHA)
Tipo de ítem Artículo
Existencias
Withdrawn status Lost status Damaged status No para préstamo Colección Ubicación Permanente Ubicación actual Fecha de adquisición Fuente de Valor Datos de publicación Seriada Total Checkouts Número topográfico Inventario / Código de Barras Date last seen Ejemplar Price effective from Forma de adquisición Tipo de material
      No para Préstamo Hemeroteca Bogotá Bogotá 27/02/2015 Muñoz Saba, Yaneth Fuera de circulación   AR 01216 011539 25/03/2015 1 25/03/2015   Artículo